| 000 | 00616nam a22001815i 4500 | ||
|---|---|---|---|
| 001 | 164156 | ||
| 003 | ES-MaACL | ||
| 005 | 20251014000301.0 | ||
| 008 | 991025s1891 sp |||| | spa d | ||
| 040 |
_aCCPB | B _bspa _cCCPB | B |
||
| 100 | 1 |
_aRuíz de Almodóvar, Gabriel. _9132211 |
|
| 245 | 1 | 0 |
_aSalvador Rueda y sus obras / _cGabriel Ruiz de Almodóvar. |
| 260 |
_aMadrid : _b[s.n.], _c1891 ( _fTipografía de Manuel Ginés Hernández) |
||
| 300 |
_a48 p. ; _c19 cm. |
||
| 600 | 1 | 4 |
_aRueda, Salvador, _d1857-1933 _9100515 |
| 852 |
_aES-MaACL _jF-10856(1) _z-- Enc. pasta española |
||
| 999 |
_c164156 _d164156 |
||